MAGNETISM and magnetic materials: 1967 digest : a survey of the technical literature of the preceding year, edited by W.D. Doyle and A.B. Harris.

Guardado en:
Formato: Libro
Idioma:English
Publicado: New York : Academic press, 1967.
Materias:
Etiquetas: Agregar Etiqueta
Sin Etiquetas, Sea el primero en etiquetar este registro!
LEADER 00519nam a22001455a 4500
001 EUN.um030376
003 AR-BaUNS
005 20050623122905.0
008 041125s1967####xxu###########000#0#eng#d
245 0 0 |a MAGNETISM and magnetic materials: 1967 digest :  |b a survey of the technical literature of the preceding year, edited by W.D. Doyle and A.B. Harris. 
260 |a New York :  |b Academic press,  |c 1967. 
300 |a 280 p. 
082 0 4 |a 537.3 
653 |a Magnetism 
859 |a Ar-BaUNS  |b BIB. CENTRAL - Sector C  |h 537.3  |i M274  |p 52380/969  |v 1967